The oath of the Vayuputras/ (Record no. 83713)

MARC details
000 -LEADER
fixed length control field 00675nam a22001937a 4500
010 ## - LCCN (DPL NO)
LC control number B-529806
020 ## - INTERNATIONAL STANDARD BOOK NUMBER
International Standard Book Number 97893882618348
Terms of availability 350.00
035 ## - SYSTEM CONTROL NUMBER
System control number B-529806
037 ## - SOURCE OF ACQUISITION
Source of stock number/acquisition UBH
082 ## - DEWEY DECIMAL CLASSIFICATION NUMBER
Classification number N
100 ## - MAIN ENTRY--PERSONAL NAME
Personal name Amish
245 ## - TITLE STATEMENT
Title The oath of the Vayuputras/
Statement of responsibility, etc by Amish
260 ## - PUBLICATION, DISTRIBUTION, ETC. (IMPRINT)
Place of publication, distribution, etc Chennai
Name of publisher, distributor, etc Westland
Date of publication, distribution, etc 2013
270 ## - ADDRESS
Address 61, Silverline Building, 2nd floor, Alapakkam Main Road Mauravoyal
City Chennai
Postal code 600095
300 ## - PHYSICAL DESCRIPTION
Extent 575p
Dimensions 20cm(pb)
490 ## - SERIES STATEMENT
Series statement Shiva Trilogy 3
942 ## - ADDED ENTRY ELEMENTS (KOHA)
Source of classification or shelving scheme Dewey Decimal Classification
Item type English Books
Classification part N
Call number suffix AMI
Holdings
Withdrawn status Lost status Not for loan Collection code Home library Current library Date acquired Source of acquisition Cost, normal purchase price Full call number Barcode Copy number Cost, replacement price Koha item type
      Fiction Sarojini Nagar Sarojini Nagar 23/04/2014 UBH/251/13.2.14/DPL/ZLS/RP/2013-14/4/515/5.2.14/21.2.14 350.00 N AMI B-529806 1 350.00 English Books

© Delhi Public Library
Hit Counter
free hit counter